000 00440nam a22001697a 4500
005 20240923102218.0
008 240920b |||||||| |||| 00| 0 eng d
020 _a978-93-6180-826-5
041 _aeng
082 _a615.4
100 _aP.C.I
_98579
245 _aD.PHARMA EXIT EXAMINATION [DPEE] KIT PAPER-2 & 3
260 _aLUCKNOW
_bTHAKUR PUBLICATION PVT.LTD
300 _aG-60;P P
650 _aPHARMACY
_xD.PHARMA
942 _cBK
999 _c8709
_d8707